Club de foot par image - Statistiques

Statistiques générales
  • Ce quiz a été pris 237 fois
  • Le résultat moyen est 13 sur 20
Statistiques - réponses
Par images Réponse % Correct
Real Madrid
90%
Betis
87%
Dijon
84%
FC Porto
84%
Seville
81%
Toulouse
80%
Naples
78%
Dortmund
76%
Benfica
75%
Villareal
72%
Anderlecht
71%
Bologne
70%
Fulham
66%
Cologne
64%
Union Berlin
62%
Besiktas
58%
FC Bale
56%
Nuremberg
38%
FC Schalke 04
19%
Chaktar Donetsk
10%
Aucun quiz correspondant
Distribution des résultats
% des personnes avec chaque résultat
Percentile par nombre de réponses
Votre historique - résultats
Vous n’avez pas pris ce quiz